000 01009nam a2200313 i 4500
003 EG-GICUC
005 20260303180426.0
008 260303s1933 us ||||fr|||| 00| 0 eng d
040 _aEG-GiCUC
_beng
_cEG-GiCUC
_dEG-GiCUC
_erda
041 _aeng
082 0 4 _221
_a341.33
_bFE.C
092 0 4 _221
099 _aLaw1 11 341.33 FE.C 1933
100 1 _aFelier , A. H.
_eeditor.
245 _aA Collection Of The Diplomatic And Consular Laws And Regulations Of Various Countries /
_nVol.1 ,
_c A. H. Felier .
264 _aWashington :
_bCarnegie Endowment For International Peace,
_c1933.
300 _a730 pages ,
_c24 cm
336 _2rda content
_atext
337 _2rda media
_aComputer
338 _2rda carrier
_aOnline Resource
546 _aText in English
650 1 _aDiplomacy
650 1 _aDiplomatic Corps
651 1 _2qrmak
700 1 _aManley O. Hudson
_eContributor
856 4 0 _uhttps://fll.law.cu.edu.eg/fulltext/bks/B11-08717.pdf
905 _a60
942 _2ddc
_cBK
_e21
_n0
999 _c64723
_d64723